| 000 | 00000nam##2200000za#4500 |
| 001 | 9.615168 |
| 003 | CaOODSP |
| 005 | 20200327135345 |
| 007 | ta |
| 008 | 150406|1999||||xxc||||| f|0| 0 eng|d |
| 020 | |a0-662-28922-6 |
| 040 | |aCaOODSP|beng |
| 043 | |an-cn--- |
| 086 | 1 |aM22-132/4-1999E |
| 110 | 1 |aCanada.|bNatural Resources Canada. |bClimate Change Secretariat. |
| 245 | 10|aCredit for early action / |cPrepared by Credit for Early Action Table. |
| 260 | |aOttawa - Ontario : |bNatural Resources Canada. |c1999. |
| 300 | |aii, 49p. : |btables ; |c28 cm. |
| 490 | 1 |aOptions report |
| 563 | |aRing binding |
| 590 | |a00-21|b2000-05-26 |
| 690 | 07|aClimate|2gcpds |
| 690 | 07|aEnvironmental management|2gcpds |
| 690 | 07|aPollution control|2gcpds |
| 776 | 0#|tReport of the Credit for Early Action Table |w(CaOODSP)9.573057 |
| 830 | #0|aOptions report.|w(CaOODSP)9.514757 |